Tirar a matar

Uloženo v:
Podrobná bibliografie
Hlavní autor: Rivano, Luis (Autor)
Médium: Kniha
Jazyk:španělština
Vydáno: Santiago Librería de Luis Rivano 1971
Vydání:1a. ed
Témata:
Tagy: Přidat tag
Žádné tagy, Buďte první, kdo vytvoří štítek k tomuto záznamu!

MARC

LEADER 00000cam a2200000 a 4500
001 UCE4604
003 CL-VaPUC
008 141107e19710000cl |||||||||||||||||spa|d
082 0 4 |a Ch863  |b RIV  |2 21 
100 0 |a Rivano, Luis  |e author  |9 577146 
245 1 0 |a Tirar a matar 
250 |a 1a. ed 
300 |a 62 p 
942 |c BK 
945 |d 20141107 12:15:00  |a dcastane 
260 |a Santiago  |b Librería de Luis Rivano  |c 1971 
650 0 |a Novelas chilenas   |9 265425 
650 0 |a Literatura chilena   |9 308278 
583 |a last modification  |c 20141107 12:15:00  |k Rodrigo Vera 
999 |c 357485  |d 357483 
952 |0 0  |1 0  |3 erb  |4 0  |6 CH_863_000000000000000_RIV_1971  |7 0  |8 X  |9 465490  |a FDOBUD  |b FDOBUD  |i 5106184  |o Ch863 RIV 1971  |p 5106184  |r 2019-11-23  |w 2019-11-23  |y BK_X  |z Catalogado en:20141107  |k BUD